000 00422nam a2200145 4500
008 240527b |||||||| |||| 00| 0 eng d
020 _a9559052365
082 _a331.4
_bOCC
245 _aOccupational health hazards of women workers
260 _a[Colombo]:
_bCentre for women's research,
_c1993
300 _a173 p.
650 _aOCCUPATIONAL HEALTH-Women-Sri Lanka
650 _aHealth hazards-Women labour
942 _cRP
999 _c4893
_d4893